000 00573nam a2200193Ia 4500
005 20260120124612.0
008 008 260114s9999 xx 000 0 eng d
020 _a9781846639623
037 _aEBOOK
040 _aCRL
_beng
_cCRL
041 _aeng
_2eng
084 _qCRL
245 0 _aGlobalization and Emerging Issues in Trade Theory and Policy
260 _bEmerald Publishing
_c2008
700 _aHamid Beladi
_9908259
856 _uhttps://www.emerald.com/insight/publication/doi/10.1016/S1574-8715(2008)5
942 _cEBOOK
999 _c1500147
_d1500147